Statistics for Largest Lakes in China

Click here to take the quiz!

General Stats

  • This quiz has been taken 5 times
  • The average score is 4 of 6

Answer Stats

Answer % Correct
Xingkai
100%
Tai
100%
Hunlun
100%
Qinghai
50%
Dongting
50%
Poyang
0%

Score Distribution

Percentile by Number Answered

Percent of People with Each Score

Your Score History

You have not taken this quiz